Compendiosa relación de la cristianidad de Quito
Đã lưu trong:
| Tác giả chính: | |
|---|---|
| Định dạng: | Sách |
| Ngôn ngữ: | Tiếng Tây Ban Nha |
| Được phát hành: |
Madrid
Instituto Santo Toribio de Mogrovejo
1957
|
| Những chủ đề: | |
| Các nhãn: |
Thêm thẻ
Không có thẻ, Là người đầu tiên thẻ bản ghi này!
|
MARC
| LEADER | 00000nam a2200000 a 4500 | ||
|---|---|---|---|
| 001 | UCP5471 | ||
| 003 | CL-VaPUC | ||
| 008 | 990910e19570000SP |||||||||||||||||spa|d | ||
| 082 | 0 | 4 | |a 278.6 |b REC |2 21 |
| 100 | 0 | |a Recio, Bernardo |e author |9 433895 | |
| 245 | 1 | 0 | |a Compendiosa relación de la cristianidad de Quito |
| 300 | |a 695 p | ||
| 942 | |c BK | ||
| 945 | |d 19990910 00:00:00 |a crobeson | ||
| 260 | |a Madrid |b Instituto Santo Toribio de Mogrovejo |c 1957 | ||
| 650 | 7 | |a IGLESIA CATOLICA HISTORIA |2 CL-VaPUC |9 257444 | |
| 650 | 7 | |a HISTORIA ECLESIASTICA |2 CL-VaPUC |9 433896 | |
| 650 | 7 | |a MISIONES RELIGIOSAS |2 CL-VaPUC |9 393449 | |
| 650 | 0 | |a Concilios |9 315984 | |
| 651 | 7 | |a QUITO |2 CL-VaPUC |9 352939 | |
| 583 | |a last modification |c 19990910 00:00:00 |k Rodrigo Vera | ||
| 999 | |c 283216 |d 283214 | ||
| 952 | |0 0 |1 0 |4 0 |6 278_600000000000000_REC_1957 |7 0 |8 A |9 326114 |a BIBHIS |b BIBHIS |d 2019-11-20 |i 135759K |o 278.6 REC 1957 |p 135759K |r 2025-01-20 |w 2019-11-20 |y BK |k HIS | ||